000 00432nam a22001697a 4500
001 10077
003 FISKH
005 20260403111102.0
008 260403b cb ||||| |||| 00| 0 eng d
040 _aFISKH
_bchi
_cFISKH
_dFISKH
082 _a641.875
100 _a 赵木荣
245 _a月亮奶 ( Moon milk ) /
_c 赵木荣
300 _a23 pages :
_bcolor illustrations ;
_c23 cm .
942 _2ddc
_cBOOK
_n0
999 _c10077
_d10077